000 00808cam a2200253 i 4500
999 _c128191
_d128191
001 4159863
003 ARRUPE
005 20180919125044.0
008 780113s1977 ne b 001 0 eng
010 _a 78300043
015 _aNe***
020 _a9024720036
040 _aDLC
_cDLC
_dDLC
050 0 0 _aBD450
_b.A37 1977
082 0 0 _a128/.3
100 1 _aAgassi, Joseph.
_942341
245 1 0 _aTowards a rational philosophical anthropology /
_cby Joseph Agassi.
260 _aThe Hague :
_bM. Nijhoff,
_c1977.
300 _avii, 404 p. ;
_c25 cm.
440 4 _aThe Van Leer Jerusalem Foundation series
_942342
504 _aIncludes bibliographical references and indexes.
650 0 _aPhilosophical anthropology.
_942343
906 _a7
_bcbc
_corignew
_d3
_encip
_f19
_gy-gencatlg
942 _2lcc
_cMONOGRAPH